| 000 | 00933nas a2200301 4500 | ||
|---|---|---|---|
| 001 | BR0600898 | ||
| 003 | BR-BrBNA | ||
| 005 | 20231205105839.0 | ||
| 007 | ta | ||
| 008 | 230509b bl.|||p| |||| 00| 00por d | ||
| 040 |
_aBR-BrBNA _bpor _cBiblioteca Nacional de Agricultura |
||
| 041 | _a(Pt) | ||
| 072 | _aL74; Q54 | ||
| 100 | 1 | _aBatina, P.N. | |
| 100 | 1 | _aLopes, S.T. dos A. | |
| 100 | 1 | _aSanturio, J.M. | |
| 100 | 1 | _aSouza, C. de | |
| 100 | 1 | _aMartins, D.B. | |
| 245 | 1 | _aEfeitos da adição de montmorilonita sódica na dieta sobre o perfil bioquímico de frangos de corte intoxicados com aflatoxina | |
| 650 | _aFRANGO DE CORTE | ||
| 650 | _aDIETA | ||
| 650 | _aAFLATOXINA | ||
| 650 | _aINTOXICAÇÃO ALIMENTAR | ||
| 650 | _aPROFILAXIA | ||
| 773 | 0 |
_tCiência Rural (Brazil) _xISSN 0103-8478 _g(Jul-Aug 2005), v. 35(4) p. 826-831 _wBR0600898 |
|
| 909 |
_a202311 _bLúcia _c55 _dLúcia Elande |
||
| 942 |
_2AGRIS _n0 _cANA |
||
| 999 |
_c184990 _d184990 |
||